000 00407nam a2200169Ia 4500
001 12393
005 20260306162938.0
008 260306t9999||||xx |||||||||||||| ||spa||
041 _aESP
082 _aHR 344
_bMAY 2025 GPP
110 _aGaceta Jurídica
245 0 _aGaceta penal & procesal penal, Mayo 2025 tomo 191
300 _a
_c
650 _aGEN
654 _aCDE
942 _cREV
_dJUS
_fJUS
_2ddc
_n
999 _c12393
_d12393